000 01016nam a22003257a 4500
001 0005260
003 KOHA_MİRAKIL
005 20260207001437.0
007 ta
008 090610b1997 tu |||gr||||#||||0|tur |
020 _c0,01
040 _aTR-BiSEU
_btur
_cTR-BiSEU
_erda
041 0 _atur
044 _ctu
050 _aHD6250
_b.S26 1997
245 0 _aSanayi bölgelerinde çalışan çocukların sorunları.
264 1 _aAnkara :
_bTürkiye İşveren Sendikaları Konfederasyonu,1997.
_c1997
300 _a100 sayfa
336 _ametin
_btxt
_2rdacontent
337 _aaracısız
_bn
_2rdamedia
338 _acilt
_bnc
_2rdacarrier
490 1 _aTürkiye İşveren Sendikaları Konfederasyonu yayını ;no.
490 1 _a171.
500 _aKaynakça var.
650 0 _aÇocuklar--İstihdam--Türkiye.
_912636
650 0 _aOrganize sanayi bölgeleri--Türkiye.
_912637
830 1 _aTürkiye İşveren Sendikaları Konfederasyonu yayını ;no.
_912638
830 1 _a171.
_95542
942 _2lcc
_cBK
999 _c5242
_d5242